| 000 | 00379cam a2200157ua 4500 | ||
|---|---|---|---|
| 041 |
_aeng _h |
||
| 082 |
_a823.308 _bBED/GI |
||
| 100 | _aBedny, Boris . | ||
| 245 |
_aGirls / _cBoris bedny. _hTextual Documents |
||
| 250 |
_a1 / _b. |
||
| 260 |
_aMoscow : _bForeign Language Publishing House , _c1953. |
||
| 300 | _a269 ; . | ||
| 504 | _a | ||
| 942 | _cBK | ||
| 999 |
_c3836 _d3836 |
||